000 02473cam a22006374i 4500
003 PE-LiUPU
005 20250731170443.0
008 150625s2007 sp a r 000 0 spa d
020 _a8497325842
020 _a9788497325844
035 _a(Sirsi) i9788497325844
040 _aPE-LiUPU
_bspa
_cPE-LiUPU
_dPE-LiUPU
_erda
049 _aPRUA
082 0 4 _a150.19
_bD88
_221
100 1 _aDomjan, Michael,
_eautor.
245 1 0 _aPrincipios de aprendizaje y conducta /
_cMichael Domjan y J. W. Grau.
250 _a5a edición.
264 1 _aMadrid :
_bThomson,
_c2007.
300 _a105 páginas :
_bilustraciones ;
_c26 centímetros
336 _atext
_2rdacontent
337 _aunmediated
_2rdamedia
338 _avolume
_2rdacarrier
505 0 _aConducta elicitada, habituación y sensibilización. -Condicionamiento clásico: fundamentos. -Condicionaamiento clásico: mecanismos. -Condicionamiento instrumental: fundamentos. -Programas de reforzamiento y conducta de elección. -Condicionamiento instrumental: mecanaismos motivacionales. -El control de la conducta por el estímulo. -Extinción de la conducta condicionada. -Control aversivo: evitación y castigo. -Cognición animal I : mecanismos de la memoria. -Cognición animal II : temas especiales.
526 _aSEG68
526 _aSEG70
526 _aSEG69
526 _aSEG67
526 _aSEG43
526 _aP144
526 _aP143
526 _aP131
526 _aP122
526 _aP120
526 _aP117
526 _aP112
526 _aP110
526 _aP106
526 _aP101
526 _aP80
526 _aP59
526 _aP54
526 _aP35
526 _aP33
526 _aP30
541 _g0030-004752;
650 0 4 _aConducta (Psicología).
650 0 4 _aPsicología del aprendizaje.
_9227
650 0 4 _aReflejos condicionados.
700 1 _aGrau, James W.,
_ecolaborador.
910 _bjv
_clch
_d20090203
942 _2ddc
_cBOOK
949 _a150.19 D88
_wDEWEY
_c1
_i58939
_d2016-10-2
_e2016-10-2
_lCCODEBUL1
_mBUL
_n6
_p43.00
_r0
_sY
_tBOOK
_u2015-6-25
_xSALUD
_PP33
_0COMPRA
_o.STAFF. Colección Ciencias de la Salud
994 _aC0
_bPEPRU
596 _a1
999 _a150.19 D88
_wDEWEY
_c47775
_i58939
_d47775
_e2018-5-30
_f2021-11-3
_g5
_lCCODEBUL1
_mBUL
_n8
_p43.00
_q4
_r0
_sY
_tBOOK
_u2015-6-25
_xSALUD
_zP33
_0COMPRA
_o.STAFF. Colección Ciencias de la Salud
980 _81
_gALBERTO SANCHEZ Responsable de Automatización